ՀՀ Գիտությունների ազգային ակադեմիայի հիմնարար գիտական գրադարան  =   Fundamental Scientific Library of NAS RA

Վ. Մայակովսկի (1893-1953) : (Record no. 14080)

MARC details
000 -LEADER
fixed length control field 00781nam a2200205 4500
001 - CONTROL NUMBER
control field 000030510
003 - CONTROL NUMBER IDENTIFIER
control field AM-YEHGA
005 - DATE AND TIME OF LATEST TRANSACTION
control field 20250618070935.0
008 - FIXED-LENGTH DATA ELEMENTS--GENERAL INFORMATION
fixed length control field 090130s1953 ai ||||gr|||||||| 0 arm|d
040 ## - CATALOGING SOURCE
Original cataloging agency AM-YeHGA
041 0# - LANGUAGE CODE
Language code of text/sound track or separate title arm
090 ## - LOCALLY ASSIGNED LC-TYPE CALL NUMBER (OCLC); LOCAL CALL NUMBER (RLIN)
-- 14188
100 1# - MAIN ENTRY--PERSONAL NAME
Personal name Գրիգորյան, Հրաչյա Գևորգի,
Dates associated with a name 1907-1969
9 (RLIN) 1647
245 10 - TITLE STATEMENT
Title Վ. Մայակովսկի (1893-1953) :
Remainder of title [Կյանքը և ստեղծագործական ուղին] /
Statement of responsibility, etc. Հր. Գրիգորյան ; Խմբ.՝ Հր. Թամրազյան.
260 ## - PUBLICATION, DISTRIBUTION, ETC.
Place of publication, distribution, etc. Երևան :
Name of publisher, distributor, etc. Հայպետհրատ,
Date of publication, distribution, etc. 1953.
300 ## - PHYSICAL DESCRIPTION
Extent 93 էջ :
Other physical details դիմանկ. ;
Dimensions 17 սմ.
650 14 - SUBJECT ADDED ENTRY--TOPICAL TERM
Topical term or geographic name entry element Ռուս գրականագիտություն
700 1# - ADDED ENTRY--PERSONAL NAME
Personal name Թամրազյան, Հրանտ Սմբատի,
Dates associated with a name 1926-2001
9 (RLIN) 1136
942 ## - ADDED ENTRY ELEMENTS (KOHA)
Source of classification or shelving scheme Universal Decimal Classification
Koha item type Գրքեր / Books
Holdings
Withdrawn status Lost status Damaged status Not for loan Collection Home library Current library Date acquired Total checkouts Full call number Barcode Date last seen Cost, replacement price Price effective from Koha item type Public note
        General Fundamental Scientific Library Fundamental Scientific Library 21/12/2016   AI/5011 FL0040506 21/12/2016 1.00 21/12/2016 Գրքեր / Books 30 Days Loan
        General Fundamental Scientific Library Fundamental Scientific Library 21/12/2016   AI/5012 FL0040809 21/12/2016 1.00 21/12/2016 Գրքեր / Books 30 Days Loan
        General Fundamental Scientific Library Fundamental Scientific Library 21/12/2016   AI/5013 FL0040810 21/12/2016 1.00 21/12/2016 Գրքեր / Books 30 Days Loan
        General Fundamental Scientific Library Fundamental Scientific Library 21/12/2016   AI/5014 FL0040811 21/12/2016 1.00 21/12/2016 Գրքեր / Books 30 Days Loan


ՀՀ ԳԱԱ հիմնարար գիտական գրադարան
ՀՀ,Երևան 0019
Մարշալ Բաղրամյան 24/6
հեռախոս:(374-10) 52-47-50
Հետադարձ կապ

All site content, except where otherwise noted, is licensed under a
Creative Commons License